000 00684nam a2200217Ia 4500
003 GCL
005 20240530102341.0
008 140319s9999 xx 000 0 ara d
040 _aGCL /
_cGCL
082 0 4 _a398.22/
_bع ط
100 0 _aعبدالتواب يوسف
245 1 2 _aالطفل العربى والادب الشعبى /
_cعبدالتواب يوسف
260 _aالقاهرة :
_bالدار المصرية اللبنانية ،
_c1992
300 _a147 ص
490 _aكنوز التراث العربى
_v0
650 0 4 _aالفولكلور
650 0 4 _aالاطفال
650 0 4 _aالادب الشعبى
650 0 4 _aالاساطير
942 _2ddc
_cBK
999 _c31624
_d31624